000
00303nam a22001337a 4500
020
_a
81-8348-000-49
082
_a
425
_b
SIN/S
100
_a
ASHOK K SINGH
245
_a
SYNONYMS & ANTONYMS
260
_a
MEERUT
_b
ARIHANT PUBLICATION
300
_a
386
650
_a
SYNONYMS & ANTONYMS
_z
INDIA
942
_c
BK
999
_c
3790
_d
3790